| 000 | 00639nam a2200253 4500 | ||
|---|---|---|---|
| 003 | OSt | ||
| 005 | 20260530115308.0 | ||
| 008 | 260506b1997 mx a|||| |||| 00| 0 spa d | ||
| 020 | _a84889590807 | ||
| 020 | _a978848899089 | ||
| 040 |
_aICI _bspa _cICI |
||
| 050 |
_aGC1018.5.M6 _bC36 1998 |
||
| 100 | 1 |
_aCANDELA, FRANCISCO _932372 |
|
| 245 | 1 | 0 | _aMEXICO BAJO EL MAR |
| 250 | _aS.E | ||
| 264 | 1 |
_bAGUALARGA _c2000 _aMéxico |
|
| 300 | _a174páginas | ||
| 336 |
_atexto _2rdacontent |
||
| 337 |
_asin medio _2rdamedia |
||
| 338 |
_avolumen _2rdacarrier |
||
| 650 |
_aPECES _916686 |
||
| 700 |
_aGEIGER, G.H. _932373 |
||
| 942 |
_2lcc _cBK |
||
| 999 |
_c13206 _d13206 |
||